Reader in comparative religion : an anthropological approach

Αποθηκεύτηκε σε:
Λεπτομέρειες βιβλιογραφικής εγγραφής
Άλλοι συγγραφείς: Lessa, William Armand (Επιμελητής έκδοσης), Vogt, Evon Zartman (Επιμελητής έκδοσης)
Μορφή: Βιβλίο
Γλώσσα:English
Δημοσίευση: New York : Harper and Row, c1979
Έκδοση:4th ed.
Θέματα:
Ετικέτες: Προσθήκη ετικέτας
Δεν υπάρχουν, Καταχωρήστε ετικέτα πρώτοι!

MARC

LEADER 00000pam a2200000 i 4500
001 1/73157
008 941013s1979 eng d
020 |a 0-06-043991-2 
035 |l 10003172 
040 |a GR-MY-UA  |b gre  |e aacr 
041 0 |a eng 
082 0 |a 200.8 
245 1 0 |a Reader in comparative religion :  |b an anthropological approach /  |c Edited by William A. Lessa; Evon Z. Vogt ; With the assistance of John M. Watanabe 
250 |a 4th ed. 
260 |a New York :   |b Harper and Row,   |c c1979 
300 |a viii, 488 σ.;  |b εικ.;  |c 26 εκ. 
504 |a Περιέχει βιβλιογραφικές παραπομπές (σ. 473-485) και ευρετήριο 
650 0 0 |a Religions. 
650 0 0 |a Speeches, addresses, etc. 
700 1 |a Lessa, William Armand.  |4 edt 
700 1 |a Vogt, Evon Zartman.  |4 edt 
852 |a INST  |b LESVOS  |e 19941013  |h 200.8 REA  |p 005100003560  |q 005100003560  |t BK  |y 0 
852 |a INST  |b LESVOS  |e 19960524  |h 200.8 REA  |p 005100010111  |q 005100010111  |t BK  |y 4  |x 20200213 
852 |a INST  |b LESVOS  |e 19960507  |h 200.8 REA  |p 005100010297  |q 005100010297  |t BK  |y 0 
909 |a Λ  |b 002892